Statistics for Country Flags with Suns

Click here to take the quiz!

General Stats

  • This quiz has been taken 29 times
  • The average score is 10 of 17

Answer Stats

% Correct
Argentina
100%
Uruguay
90%
Antigua and Barbuda
70%
Ecuador
70%
Nauru
65%
Kiribati
60%
Kazakhstan
55%
Macedonia
55%
Malawi
55%
Marshall Islands
55%
Kyrgyzstan
50%
Malaysia
50%
Taiwan
45%
Namibia
40%
Philippines
40%
Rwanda
40%
Nepal
30%

Score Distribution

Percentile by Number Answered

Percent of People with Each Score

Your Score History

You have not taken this quiz